Sports Quiz

Random Sports or NCAA Quiz

Longest Sweet 16 Droughts for Power 5 Schools Quiz Stats

Quiz Updated Mar 20, 2018

Score 0/21 Timer 04:00
2 Plays Today
Last Sweet 16 Appearance School % Correct
NeverNorthwestern
78.7%
2004Alabama
73%
1996Georgia
71.9%
1982Oregon State
71.4%
1999Iowa
71.3%
1995Arizona State
67%
1997Minnesota
66.2%
2001Mississippi
65.2%
2001Penn State
64.4%
1997California
63.9%
NeverNebraska
63.7%
Last Sweet 16 Appearance School % Correct
1953Colorado
60.7%
2003Auburn
59.6%
1996Arkansas
57.1%
1979Rutgers
56.9%
1996Mississippi State
56.6%
1967Virginia Tech
55.7%
2004Oklahoma State
54.9%
2004Wake Forest
54%
2004Georgia Tech
53.8%
1968TCU
42.4%

You're not logged in!

Compare scores with friends on all Sporcle quizzes.
Join for Free
OR
Log In

You Might Also Like...

Show Comments

Extras

Top Quizzes Today


Score Distribution

Your Account Isn't Verified!

In order to create a playlist on Sporcle, you need to verify the email address you used during registration. Go to your Sporcle Settings to finish the process.

Report this User

Report this user for behavior that violates our Community Guidelines.

Details: